000 00729nam a2200265Ia 4500
005 20260302114721.0
008 008 260114s9999 xx 000 0 eng d
020 _a9781350230699
037 _aTextbook
040 _aCRL
040 _beng
040 _cCRL
041 _2eng
041 _aeng
084 _qCRL
100 _aSarah Falcus and Maricel OrĂ³-Piqueras
_91119540
245 0 _aAge and Ageing in Contemporary Speculative and Science Fiction
260 _bBloomsbury
260 _bBloomsbury Academic
260 _c2023
650 _aLiterary Studies
856 _uhttps://doi.org/10.5040/9781350230699?locatt=label:secondary_bloomsburyCollections
942 _cEBOOK
999 _c1683588
_d1683588